The 500 hats of Bartholomew Cubbins / (Record no. 190)
[ view plain ]
| 000 -LEADER | |
|---|---|
| fixed length control field | 01252nam a22003497a 4500 |
| 001 - CONTROL NUMBER | |
| control field | 190 |
| 003 - CONTROL NUMBER IDENTIFIER | |
| control field | FISKH |
| 005 - DATE AND TIME OF LATEST TRANSACTION | |
| control field | 20230303101432.0 |
| 008 - FIXED-LENGTH DATA ELEMENTS--GENERAL INFORMATION | |
| fixed length control field | 230303b cb ||||| |||| 00| 0 eng d |
| 010 ## - LIBRARY OF CONGRESS CONTROL NUMBER | |
| LC control number | 88038412 |
| 020 ## - INTERNATIONAL STANDARD BOOK NUMBER | |
| International Standard Book Number | 9780394844848 |
| 040 ## - CATALOGING SOURCE | |
| Original cataloging agency | DLC |
| Transcribing agency | DLC |
| Modifying agency | DLC |
| -- | FISKH |
| Language of cataloging | eng |
| 042 ## - AUTHENTICATION CODE | |
| Authentication code | lcac |
| 050 00 - LIBRARY OF CONGRESS CALL NUMBER | |
| Classification number | PZ8.G326 |
| Item number | Fi 1990 |
| 082 00 - DEWEY DECIMAL CLASSIFICATION NUMBER | |
| Classification number | 813.54 |
| Edition number | 19 |
| 100 1# - MAIN ENTRY--PERSONAL NAME | |
| Personal name | Geisel, Theodor Seuss |
| Titles and words associated with a name | Dr. |
| 245 14 - TITLE STATEMENT | |
| Title | The 500 hats of Bartholomew Cubbins / |
| Statement of responsibility, etc. | by Dr. Seuss. |
| 260 ## - PUBLICATION, DISTRIBUTION, ETC. | |
| Place of publication, distribution, etc. | New York : |
| Name of publisher, distributor, etc. | Random House, |
| Date of publication, distribution, etc. | [1990] |
| 300 ## - PHYSICAL DESCRIPTION | |
| Extent | 23 leaves of plates |
| Other physical details | ill. (some col.) ; |
| Dimensions | 29 cm. |
| 500 ## - GENERAL NOTE | |
| General note | "A Vanguard Press book." |
| 520 ## - SUMMARY, ETC. | |
| Summary, etc. | Each time Bartholomew Cubbins attempts to obey the King's order to take off his hat, he finds there is another one on his head. |
| 521 8# - TARGET AUDIENCE NOTE | |
| Target audience note | 630 <br/> |
| Source | Lexile |
| 521 8# - TARGET AUDIENCE NOTE | |
| Target audience note | M <br/> |
| Source | Raz-Plus |
| 521 8# - TARGET AUDIENCE NOTE | |
| Target audience note | AD |
| 650 #1 - SUBJECT ADDED ENTRY--TOPICAL TERM | |
| Topical term or geographic name entry element | Hats |
| General subdivision | Fiction. |
| 650 #1 - SUBJECT ADDED ENTRY--TOPICAL TERM | |
| Topical term or geographic name entry element | Fairy tales. |
| 740 0# - ADDED ENTRY--UNCONTROLLED RELATED/ANALYTICAL TITLE | |
| Uncontrolled related/analytical title | Five hundred hats of Bartholomew Cubbins. |
| 856 42 - ELECTRONIC LOCATION AND ACCESS | |
| Materials specified | Contributor biographical information |
| Uniform Resource Identifier | <a href="http://www.loc.gov/catdir/bios/random056/88038412.html">http://www.loc.gov/catdir/bios/random056/88038412.html</a> |
| 856 42 - ELECTRONIC LOCATION AND ACCESS | |
| Materials specified | Publisher description |
| Uniform Resource Identifier | <a href="http://www.loc.gov/catdir/description/random0413/88038412.html">http://www.loc.gov/catdir/description/random0413/88038412.html</a> |
| 906 ## - LOCAL DATA ELEMENT F, LDF (RLIN) | |
| a | 7 |
| b | cbc |
| c | orignew |
| d | 1 |
| e | ocip |
| f | 19 |
| g | y-gencatlg |
| 942 ## - ADDED ENTRY ELEMENTS (KOHA) | |
| Source of classification or shelving scheme | Dewey Decimal Classification |
| Koha item type | Books |
| Suppress in OPAC | No |
| Withdrawn status | Lost status | Source of classification or shelving scheme | Damaged status | Not for loan | Collection | Home library | Current library | Shelving location | Date acquired | Total Checkouts | Full call number | Barcode | Date last seen | Date last checked out | Price effective from | Koha item type |
|---|---|---|---|---|---|---|---|---|---|---|---|---|---|---|---|---|
| Dewey Decimal Classification | Juvenile Fiction | Footprints International School Library Network Toul Kork Campus | Footprints International School Library Network Toul Kork Campus | TK Primary Library Room(4th Floor), Bookcase 3&4, Shelves 17-32, Yellow Books | 03/03/2023 | 4 | GEI 813.54 PZ8.G326 | FISTK01452 | 02/01/2024 | 10/05/2023 | 03/03/2023 | Books |
